Statistics for Sequential European Rivers and Cities

Click here to take the quiz!

General Stats

  • This quiz has been taken 3,212 times
  • The average score is 10 of 18

Answers on the Map

Answers color-coded by a green-red scale on the quiz's map according to % correct below.
 

Answer Stats

AnswerRiverPopulation% Correct
RhineMiddle River
93%
DanubeRight River
84%
BudapestDanube2,94 M
80%
Cologne-BonnRhine2,44 M
80%
ViennaDanube2,22 M
80%
BelgradeDanube1,16 M
76%
BratislavaDanube429,5 K
73%
DusseldorfRhine978,3 K
66%
LoireLeft River
62%
NantesLoire642,4 K
48%
LinzDanube271,2 K
43%
RotterdamRhine798,0 K
41%
Mannheim-
Ludwigshafen-
Heidelberg
Rhine880,7 K
39%
StrasbourgRhine465,1 K
38%
Saint-ÉtienneLoire374,1 K
22%
OrléansLoire278,9 K
20%
ToursLoire353,8 K
20%
AngersLoire226,3 K
15%

Score Distribution

Percentile by Number Answered

Percent of People with Each Score

Your Score History

You have not taken this quiz